Sports Quiz

Random Sports or Baseball Quiz

1994 Topps Baseball All-Stars Quiz Stats

 Plays Quiz not verified by Sporcle

Challenge
Share
Tweet
Positions and teams listed are as shown on the 1994 Topps baseball cards - NOT necessarily their primary position OR team for their career. Several rookie/future star cards feature two or more All-Stars.
Score 0/292 Timer 20:00
0 Plays Today
Card # Player % Correct
1Mike Piazza
97.2%
290Randy Johnson
96.9%
302Howard Johnson
96.9%
452Lance Johnson
96.9%
2Bernie Williams
95.7%
114Mitch Williams
95.3%
447Mike Williams
95.3%
550Matt Williams
95.3%
668Woody Williams
95.3%
195Edgar Martinez
94.9%
268Pedro Martinez
94.9%
440Dennis Martinez
94.9%
545Ramon Martinez
94.9%
693Tino Martinez
94.9%
499Greg Maddux
94.1%
40Jeff Bagwell
93.3%
270Frank Thomas
92.9%
273Sandy Alomar, Jr.
92.9%
475Tom Glavine
92.9%
675Roberto Alomar
92.9%
687John Smoltz
92.1%
110Lee Smith
91.7%
320Ozzie Smith
91.7%
100Kirby Puckett
91.3%
180George Brett
91.3%
200Cal Ripken, Jr.
91.3%
400Ken Griffey, Jr.
91.3%
34Nolan Ryan
90.6%
97Todd Jones
90.6%
334Doug Jones
90.6%
539Bobby Jones
90.6%
700Barry Bonds
90.6%
777Chipper Jones
90.6%
15Jay Bell
90.2%
214George Bell
90.2%
230Larry Walker
90.2%
305Craig Biggio
90.2%
310Robin Yount
90.2%
520Wade Boggs
90.2%
720Roger Clemens
90.2%
165Ivan Rodriguez
89.8%
727Henry Rodriguez
89.8%
540Paul Molitor
89.4%
340Mark McGwire
89%
645Joe Carter
89%
248Rickey Henderson
87.8%
708Dave Henderson
87.8%
199Danny Jackson
87.4%
300Ryne Sandberg
87.4%
500Bo Jackson
87.4%
65Eddie Murray
87%
250Barry Larkin
87%
80Jose Canseco
86.6%
265Chili Davis
86.6%
345Kevin Brown
86.6%
488Eric Davis
86.6%
730Bobby Bonilla
86.6%
5Ozzie Guillen
86.2%
480Albert Belle
86.2%
10John Olerud
85.8%
430Dave Winfield
85.8%
525Andres Galarraga
85.8%
84Garret Anderson
85.4%
145Brady Anderson
85.4%
620Tony Gwynn
85.4%
90Robin Ventura
84.6%
216Manny Ramirez
84.6%
484Luis Gonzalez
84.6%
511Devon White
84.6%
685Juan Gonzalez
84.6%
784Rondell White
84.6%
75Alan Trammell
84.3%
154Dan Wilson
84.3%
190Cecil Fielder
84.3%
240Will Clark
84.3%
572Roberto Hernandez
84.3%
698Willie Wilson
84.3%
225Greg Vaughn
83.9%
615Sid Fernandez
83.9%
690Mo Vaughn
83.9%
702Tony Fernandez
83.9%
237Shawn Green
83.1%
294Tyler Green
83.1%
546Paul O'Neill
83.1%
560Gary Sheffield
83.1%
565Fred McGriff
83.1%
595Andre Dawson
82.7%
149Kenny Lofton
82.3%
468Dante Bichette
82.3%
612Jim Thome
82.3%
410Lou Whitaker
81.5%
465Dennis Eckersley
81.5%
50Moises Alou
81.1%
194Javy Lopez
80.7%
470Rafael Palmeiro
80.7%
630David Justice
80.7%
515Jack McDowell
80.3%
36TJack Morris
80.3%
Card # Player % Correct
245Bret Saberhagen
79.9%
472Jay Buhner
79.9%
490Kent Hrbek
79.9%
256Walt Weiss
79.5%
360Mark Grace
79.5%
510David Cone
79.5%
600Don Mattingly
79.5%
725Sammy Sosa
79.5%
158Derek Jeter
79.1%
455Dave Stewart
79.1%
598Mike Mussina
79.1%
105David Wells
78.7%
243Tim Raines
78%
542Chris Sabo
76.8%
555Chuck Knoblauch
76.8%
650Andy Van Slyke
76.4%
166Ron Gant
76%
635Lenny Dykstra
76%
705Jose Rijo
76%
260Julio Franco
75.6%
450Carlos Baerga
75.6%
481John Franco
75.6%
640Darryl Strawberry
75.6%
590Marquis Grissom
75.2%
142Curt Schilling
74.8%
381Chuck Finley
74.8%
580Steve Finley
74.8%
137Steve Avery
74.4%
380Darren Daulton
74.4%
434Bob Walk
74.4%
330Charles Nagy
74%
370Benito Santiago
74%
401John Kruk
74%
735Terry Pendleton
73.6%
150Dwight Gooden
72.8%
424Jeff Kent
72.8%
593Omar Vizquel
72.8%
686Carlos Delgado
72.8%
220Doug Drabek
72.4%
460Orel Hershiser
72.4%
680Ruben Sierra
72.4%
403Gary Gaetti
72%
521Bob Welch
72%
538Ellis Burks
72%
8Todd Hundley
71.7%
85Tony Pena
71.3%
136Dean Palmer
71.3%
120Jimmy Key
70.9%
420Harold Baines
70.9%
712Eric Young
70.9%
610Terry Steinbach
70.1%
335Kevin Mitchell
69.7%
497John Wetteland
69.3%
355Harold Reynolds
68.9%
163Vinny Castilla
68.5%
183Rob Dibble
68.5%
575Randy Myers
68.5%
701Kevin Appier
68.1%
372Joe Girardi
67.7%
665Mark Langston
67.7%
313Justin Thompson
66.9%
505Robby Thompson
66.9%
647Reggie Sanders
66.9%
140Frank Viola
66.5%
309Carlos Garcia
66.5%
318Jeff Blauser
66.5%
715Hank Aaron
66.1%
659Bret Boone
65.7%
285Travis Fryman
65.4%
413Kenny Rogers
64.2%
502Mike Greenwell
64.2%
7Jose Mesa
63.8%
526Jamie Moyer
63.8%
646Ken Caminiti
63.4%
530Ray Lankford
62.6%
695Mike Stanley
62.2%
574Willie McGee
61.8%
644Tom Henke
61.8%
670Danny Tartabull
61.8%
686Jason Kendall
60.6%
222Trevor Hoffman
59.8%
357Mark Gubicza
59.8%
495Mickey Tettleton
59.8%
346Greg Olson
59.1%
723Gregg Olson
59.1%
692Mickey Morandini
58.3%
46TShawon Dunston
58.3%
625Charlie Hough
57.9%
783Raul Mondesi
57.9%
315Ken Hill
57.1%
466Jeff Conine
57.1%
660Gregg Jefferies
57.1%
404Jim Edmonds
56.3%
777Ryan Klesko
55.9%
106TVince Coleman
55.9%
181Juan Guzman
55.5%
535Jeff Montgomery
55.1%
523Mike Moore
54.7%
Card # Player % Correct
102B.J. Surhoff
54.3%
175Fernando Valenzuela
54.3%
732Al Leiter
54.3%
146Rod Beck
53.9%
304Pat Hentgen
53.9%
662Steve Sax
53.9%
143Tim Wallach
53.5%
172Brett Butler
53.5%
235Scott Cooper
53.5%
476Dave Hollins
53.5%
619Tom Browning
53.5%
59Matt Nokes
52.8%
232Mark Wohlers
52.8%
733Bip Roberts
52.8%
70TChan Ho Park
52.8%
549Ron Darling
52.4%
669Tim Wakefield
52.4%
365Scott Erickson
52%
70Andy Benes
51.2%
275Wally Joyner
50.8%
663Mariano Duncan
50.4%
74Scott Brosius
50%
213John Burkett
50%
369Jason Giambi
50%
12John Smiley
49.2%
411Kevin Seitzer
49.2%
284Robb Nen
48.4%
457Roberto Kelly
48.4%
170Terry Mulholland
48%
426Ed Sprague
48%
719Tom Pagnozzi
48%
66Tom 'Flash' Gordon
47.6%
129Denny Neagle
47.6%
21Wil Cordero
47.2%
55Jeff Russell
46.9%
479Mike Morgan
46.5%
483Duane Ward
46.5%
703Darryl Kile
46.1%
299Wilson Alvarez
45.3%
280Rick Aguilera
44.5%
209Billy Wagner
44.1%
20Bryan Harvey
43.7%
632Brian Jordan
43.7%
445Aaron Sele
43.3%
351Gary DiSarcina
42.9%
259Cliff Floyd
42.5%
56TJason Schmidt
42.5%
122Jeromy Burnitz
42.1%
267Royce Clayton
41.7%
412Darrin Fletcher
41.3%
478Joey Cora
40.6%
188Mike Bordick
40.2%
91Rick Sutcliffe
39.8%
241Jose Offerman
39.8%
107Mike Stanton
39.4%
548Dave Nilsson
39.4%
67TJon Lieber
39%
283John Jaha
38.6%
24Jeff Nelson
36.2%
492Jesse Orosco
36.2%
551Jack Armstrong
36.2%
127Brad Ausmus
35.8%
456Pete Harnisch
35.8%
473Bob Tewksbury
35.8%
637Steve Howe
35.8%
611Todd Worrell
35.4%
118Jason Bere
35%
617Steve Bedrosian
33.1%
438Mike Henneman
31.9%
125Greg Swindell
31.5%
215Dan Plesac
31.1%
592Jay Howell
31.1%
648Andy Ashby
30.7%
529Erik Hanson
29.9%
116Jeff Brantley
29.5%
418Damion Easley
29.5%
112TPaul Konerko
29.5%
263Gerald Perry
28.7%
672Felix Jose
28.3%
362Kevin Bass
28%
781Carl Everett
25.2%
516Kevin Gross
24.8%
778Steve Trachsel
24.8%
367Ricky Bones
24%
43THeathcliff Slocumb
22.4%
22Roger Pavlik
20.9%
173Bob Wickman
20.5%
477Arthur Rhodes
19.7%
198Kurt Stillwell
18.9%
469Jeff Shaw
17.7%
677Eddie Guardado
16.5%
44TBen Grieve
13%
766James Baldwin
12.6%
589Kent Bottenfield
12.2%
45TJohn Hudek
11%
417Paul Quantrill
6.3%

You're not logged in!

Compare scores with friends on all Sporcle quizzes.
Join for Free
OR
Log In

You Might Also Like...

Show Comments

Extras

Top Quizzes Today


Score Distribution

Your Account Isn't Verified!

In order to create a playlist on Sporcle, you need to verify the email address you used during registration. Go to your Sporcle Settings to finish the process.

Report this User

Report this user for behavior that violates our Community Guidelines.

Details: